00389 a2200157 450000500170000000800410001702000300005804000090008808200190009710000210011624500260013726000270016330000080019065000120019865000210021020260513104752.0260511b |||||||| |||| 00| 0 eng d a9788184542431cRs. 550.00 aMAIN a954.558bG951H aGuliya, Yashpal  aHaryana ke agyat yudh bOriginalsc2021aDelhi a228 aHistory aHaryana- History